The bamboos of Peninsular Malaysia

Bibliographic Details
Main Author: WONG (Khoon Meng)
Corporate Author: Institut Penyelidikan Perhutanan Malaysia (FRIM)
Format: Book
Published: Kuala Lumpur : Institut Penyelidikan Perhutanan Malaysia , 1995
Series:Malayan forest records n. 41
Subjects:

MARC

LEADER 00000cam a2200000 7i4500
001 0000000796
005 20011124.0
020 0 0 |a 9839592408 
090 0 0 |a R584.93095951   |b WON 1995 
100 1 0 |a WONG   |h K. M. [  |q (Khoon Meng)] 
245 1 4 |a The bamboos of Peninsular Malaysia   |c K. M. Wong 
260 0 0 |a Kuala Lumpur :   |b Institut Penyelidikan Perhutanan Malaysia ,   |c 1995 
300 |a ix, 200 p. :   |b ill.(some col.) ;   |c 27 cm. 
440 0 0 |a Malayan forest records   |v n. 41 
500 0 0 |a Bibliography: [p. 187-195] and index 
650 0 0 |a Bamboo   |x Classification 
650 0 0 |a Bamboo   |x Economic aspects   |z Peninsular Malaysia 
650 0 0 |a Bamboo   |x Growth 
650 0 0 |a Bamboo   |x Habitat 
650 0 0 |a Bamboo   |z Peninsular Malaysia 
710 1 1 |a Institut Penyelidikan Perhutanan Malaysia (FRIM) 
998 |a JPSM 
999 |a 0000000654   |b Monograph   |c Reference   |e Default branch 
999 |a 0000000655   |b Monograph   |c Open Shelf   |e Default branch